Quizzes
Events
Quiz Creation
Community
Videos
Private Events
Remove Ads
Sign In
Join for FREE
Feedback
Dark Mode
Quiz Categories
Sports
Geography
Music
Movies
Television
Just For Fun
Miscellaneous
History
Literature
Language
Science
Gaming
Entertainment
Religion
Holiday
For Kids
Quiz Lab
Recent
Popular Today
Quiz Kudos Today
Editor Picks
Curator Picks
Quizzes by...
Day
Popularity
Type
Ratings
Length
Year
Community
Subscriptions
Recent Discussions
Orange Saloon
Badges
Playlists
Quests
Create
Leaderboards
Showdown
Live 5
Trivia Bingo
Activity
Puzzle Library
Sporcle Events
Private Events
Virtual Trivia
Globe League
Become a Host
Pub Owners
SporcleCon
Opinionation
Our Games
Videos
Blog
Mobile Apps
Partnerships
Remove Ads and Go Orange
Feedback
Language
Vocabulary
Begins and Ends
Definition
Spanish
French
German
Italian
Chinese
Latin
Translation
Japanese
Language
Vocabulary
Begins and Ends
Definition
Spanish
French
German
Italian
Chinese
Latin
Translation
Japanese
Random Quiz
Search Sporcle
×
Quiz Lab
Quiz Lab
Language
Vocabulary
Select answers by clicking on text or image buttons
Select answers by clicking on text or image buttons
Clickable
Best Score? Go Orange.
Russian Grammar Vocabulary Stats
Can you find the following terms from Russian grammar?
By
dheintz
3m
34 Questions
87 Plays
87 Plays
87 Plays
Comments
Comments
Give Quiz Kudos
Give Quiz Kudos
-
- Ratings
hide this ad
Forced Order
Answers have to be entered in order
Answers have to be entered in order
Replay
Link that replays current quiz
Next Quiz
Link to next quiz in quiz playlist
You Got
0%
They Got
Avg Score
52%
Avg Friend Score
Upgrade to see
Score Distribution
Jump to the score distribution portion of the page
Score
0/34
Timer
03:00
0
Plays Today
% Correct
падеж
75.9%
глагол
74.7%
род
73.6%
дательный падеж
70.1%
инфинитив
67.8%
родительный падеж
67.8%
число
67.8%
глагол движения
66.7%
множественное число
65.5%
единственное число
64.4%
предлог
62.1%
винительный падеж
60.9%
время
60.9%
именительный падеж
60.9%
лицо
60.9%
вид
57.5%
несовершенный вид
57.5%
% Correct
совершенный вид
55.2%
существительное
55.2%
предложный падеж
54%
творительный падеж
52.9%
союз
49.4%
наречие
46%
разделительный падеж
46%
прилагательное
42.5%
причастие
41.4%
деепричастие
39.1%
звательный падеж
36.8%
склонение
34.5%
наклонение
29.9%
повелительное наклонение
28.7%
спряжение
28.7%
изъявительное наклонение
23%
сослагательное наклонение
23%
Quiz Playlist
Details
Report
Send in Message
Add To Playlist
Clickable:
Select answers by clicking on text or image buttons
Forced Order:
Answers have to be entered in order
Last Updated: Feb 16, 2017
Quiz Scoreboard
CHALLENGE
Sign Up to Join the Scoreboard
Show All
Scores
Hide
Comments
May contain spoilers
Recently Published
Decade Duel: World Leaders
by jenniferyan
History
4m
Alphabetical 'K' Countries by Flag Minefield
by ylime102
Geography
3m
Pick 6: Fruits
by JohnFran
Miscellaneous
15s
More to Explore
Quiz From the Vault
Featured Blog Post
15 Basketball Trivia Facts You Can Be March Mad About
hide this ad
You Might Also Like...
Tags
Vocabulary Quiz
grammar
jargon
Linguistics
Russian
Today's Top Quizzes in Language
Browse Language
hide this ad
Today's Top Quizzes in Vocabulary
Browse Vocabulary
Top Contributed Quizzes in Language
1
Spring or Fall
2
Spanish Seasons
3
Multilingual Seasons
4
Seasonal Rhymes
5
Name the 4 Seasons in English
6
Einsilbige Reime auf Chips
7
Spring or Fall?
8
Quick Pick: Prefixes for Spring
9
CWLC 7 Spanish School 2022
10
Quick Pick: Seasons in Esperanto
Explore More
Trending Topics
Harry Potter
NBA
Crossword
Marvel
Disney
Anime
Kpop
Song
Pokémon
Soccer
Country
The Office
NFL
Puzzle
WWE
hide this ad
More By:
dheintz
Quiz
Plays
Rating
Category
Featured
Created
Russian Classic Authors' Breakthrough Works
123
4.60
Literature
Jan 13, 2016
Russian Grammar Vocabulary
87
5.00
Language
Jan 13, 2016
English Colors in Russian
51
5.00
Language
Jan 13, 2016
Go to Creator's Profile
Score Distribution
Quiz Creator Spotlight
dheintz
Follow
Send a Message
Quizzes Created
-
Created Quiz Play Count
-
More By This Creator
Popular Quizzes Today
1
Countries of Asia Without Outlines Minefield
2
Find the US States - No Outlines Minefield
3
Pick 6: Fruits
4
Alphabetical 'K' Countries by Flag Minefield
5
The Countries of the World
6
Find the Countries of Europe - No Outlines Minefield
7
Find the US States
8
US States
More Language Quizzes
Just Be Close: Language & Words Edition
Published
Trending Quizzes
Pick 6: Mountains
Pick 6: Harry Potter
Pick 6: Flags
Pick 6: NFL Teams
Pick 6: Movie Franchises
Recently Updated
NWSL Teams
pecheneg
Women's Final Four Teams by Year
bhenderson79
Presidents Quartet II
eogle
Anything But Clue(do)
eogle
Anything But Oceanian Capitals
eogle
Anything But 7
eogle
Anything But Thing
eogle
Word Ladder: February 29
pecheneg
Song Title Questions
pecheneg
Women's NCAA Tournament #1 Seeds
pecheneg
Trending Topics
Harry Potter
Disney
NBA
Kpop
Crossword
Marvel
Anime
Song
Soccer
Pokémon
The Office
Puzzle
Country
NFL
WWE
Your Account Isn't Verified!
In order to create a playlist on Sporcle, you need to verify the email address you used during registration. Go to your
Sporcle Settings
to finish the process.
Report this User
Report this user for behavior that violates our
Community Guidelines
.
Details:
Send Report
Go to the Sporcle.com Mobile Site →
Comments